000 00860nam a2200241Ia 4500
003 OSt
005 20220923214913.0
006 a|||||r|||| 00| 0
007 ta
008 220922b |||||||| |||| 00| 0 hin d
024 _a173,648
037 _cTextual
040 _aARTS
_cARTS
_bhin
041 _2hin
_ahin
082 _aO152,6M84:g, K4
100 _aतलवार, निर्मल, संपा.
245 0 _aआचार्य द्विवेदी
_b द्विवेदी जी पर विवेचनात्मक ग्रंथ
246 _aĀchārya dvivedī: dvivedī jī par vivechanātmak grantha
260 _c1964
650 _aहिन्दी साहित्य
_9156264
942 _hO152,6M84:g, K4
_cTEXL
_2CC
999 _c327512
_d327512